Vista normal
Vista MARC
- Canciones
Entrada Género y forma
Número de registros utilizados en: 1
001 - NÚMERO DE CONTROL
- campo de control: 2020
003 - IDENTIFICADOR DEL NÚMERO DE CONTROL
- campo de control: ES-MaFIAP
005 - FECHA Y HORA DE LA ÚLTIMA TRANSACCIÓN
- campo de control: 20231211102232.0
008 - DATOS DE LONGITUD FIJA
- campo de control de longitud fija: 231211|| aca||aabn | a|a d
040 ## - FUENTE DE LA CATALOGACIÓN
- Centro catalogador/agencia de origen: ES-MaFIAP
- Centro/agencia transcriptor: ES-MaFIAP
155 ## - ENCABEZAMIENTO--TÉRMINO DE GÉNERO/FORMA
- Término de género/forma: Canciones
670 ## - FUENTE DE DATOS ENCONTRADOS
- Cita de la fuente: Work cat.: (ES-MaFIAP)766: Lengua de signos española para bebés / , D.L. 2016





